[Event "Cappelle op"]
[Site "Cappelle la Grande"]
[Date "1995.??.??"]
[Round "2"]
[White "Blehm, Pawel"]
[Black "Landa, Konstantin"]
[Result "0-1"]
[WhiteElo "2210"]
[BlackElo "2500"]

1.e4 c5 2.Nf3 Nc6 3.d4 cxd4 4.Nxd4 Qc7 5.Nb5 Qb8 6.c4 Nf6 7.N5c3 g6 8.Be2 Bg7
9.O-O O-O 10.Be3 b6 11.f4 d6 12.Bf3 Bb7 13.Nd5 Nd7 14.Ndc3 Nc5 15.Na3 Nb4
16.Qd2 a6 17.Nd5 Nxd5 18.cxd5 b5 19.Rac1 Rc8 20.Bd4 Qa7 21.Bxg7 Nb3+ 22.Bd4 Nxd2
23.Rxc8+ Bxc8 24.Bxa7 Nxf1 25.Bf2 Nd2 26.Nc2 f5  0-1

[Event "Cappelle op"]
[Site "Cappelle la Grande"]
[Date "1995.??.??"]
[Round "3"]
[White "Brustman, Agnieszka"]
[Black "Atalik, Suat"]
[Result "0-1"]
[WhiteElo "2290"]
[BlackElo "2500"]

1.e4 c5 2.Nf3 Nc6 3.d4 cxd4 4.Nxd4 Qb6 5.Nb3 Nf6 6.Nc3 e6 7.Bd3 d6 8.O-O a6
9.Kh1 Qc7 10.Bg5 Be7 11.Qe2 b5 12.a3 Bb7 13.f4 O-O 14.Rae1 h6 15.Bh4 Nd7
16.Bxe7 Nxe7 17.Nd4 e5 18.Nf5 Nxf5 19.exf5 exf4 20.Rxf4 Nf6 21.Rff1 Rfe8
22.Qd2 Re5 23.Rxe5 dxe5 24.Re1 Rd8 25.Qe3 e4 26.Be2 Qe5 27.Rf1 Rd4 28.Kg1 h5
29.h3 h4 30.Kh1 Bc6 31.Rf4 Qd6 32.Rxh4 Rd2 33.Rf4 Rxc2 34.Rf1 Rxb2 35.Rd1 Qxa3
36.Rd8+ Be8 37.Qd4 Qa5 38.Ra8 Qc7 39.Nd5  0-1

[Event "Cappelle op"]
[Site "Cappelle la Grande"]
[Date "1995.??.??"]
[Round "4"]
[White "Bykhovsky, Anatoly A"]
[Black "Miladinovic, Igor"]
[Result "1/2-1/2"]
[WhiteElo "2420"]
[BlackElo "2535"]

1.e4 c5 2.Nf3 Nc6 3.d4 cxd4 4.Nxd4 Qc7 5.Nc3 e6 6.g3 a6 7.Bg2 Nf6 8.O-O Bc5
9.Nb3 Ba7 10.Qe2 Ne5 11.a4 d6 12.Be3 Bxe3 13.Qxe3 Nc4 14.Qc1 e5 15.Nd2 Be6
16.Rd1 Bg4 17.Re1 O-O 18.Nxc4 Qxc4 19.Re3 Qc5 20.Rd3 Rac8 21.Qd2 Rc6 22.Rc1 Be6
23.Nd1 Bc4 24.Re3 Qd4 25.Qe1 Rfc8 26.a5 Be6 27.c3 Qa4 28.b4 Bb3 29.Bh3 R8c7
30.Rd3 Bc2 31.Re3 g6 32.Bf1 Ng4 33.Rf3 Bxd1 34.Rxd1 Rxc3 35.Rxc3 Rxc3 36.Qxc3 Qxd1
37.Qc8+ Kg7 38.Qxb7 Qd2 39.Qb6 d5 40.h3 Nf6 41.exd5 e4 42.d6 Nd7 43.Qb7 e3
44.fxe3 Qxe3+ 45.Kh2 Qd2+ 46.Bg2 Qxd6 47.Qc6 Qxb4 48.Qxa6 Ne5 49.Qb6 Qd2
50.Qb5 Nf3+ 51.Kh1 Ne1 52.Qe5+ Kf8 53.Qb8+ Kg7 54.Qe5+ Kf8 55.Qb8+ Kg7 56.Qe5+  1/2-1/2

[Event "Cappelle op"]
[Site "Cappelle la Grande"]
[Date "1995.??.??"]
[Round "4"]
[White "Sokolov, Andrei"]
[Black "Landa, Konstantin"]
[Result "1/2-1/2"]
[WhiteElo "2575"]
[BlackElo "2500"]

1.e4 c5 2.Nf3 Nc6 3.d4 cxd4 4.Nxd4 Qc7 5.Nc3 e6 6.Be2 a6 7.O-O Nf6 8.Be3 Bb4
9.Na4 Be7 10.Nxc6 bxc6 11.Nb6 Rb8 12.Nxc8 Qxc8 13.e5 Nd5 14.Bd4 c5 15.c4 cxd4
16.cxd5 Qc5 17.Bf3 Rxb2 18.Rc1 Qb6 19.dxe6 fxe6 20.Rc8+ Bd8 21.Be4 O-O 22.Qh5 g6
23.Bxg6 hxg6 24.Qxg6+ Kh8 25.Qh6+ Kg8 26.Qg6+ Kh8 27.Qh6+ Kg8  1/2-1/2

[Event "Cappelle op"]
[Site "Cappelle la Grande"]
[Date "1995.??.??"]
[Round "6"]
[White "Noskov, Anatolij"]
[Black "Kogan, Artur"]
[Result "0-1"]
[WhiteElo "2280"]
[BlackElo "2465"]

1.e4 c5 2.Nf3 Nc6 3.d4 cxd4 4.Nxd4 Qc7 5.Nc3 e6 6.Be2 a6 7.O-O Nf6 8.Be3 Bb4
9.f3 Ne5 10.Bf4 Nh5 11.Bd2 Nc4 12.Bxc4 Qxc4 13.Nce2 Be7 14.b3 Qc7 15.c4 b5
16.Rc1 bxc4 17.Rxc4 Qb8 18.Qe1 a5 19.Kh1 O-O 20.Ra4 f5 21.exf5 e5 22.Nc2 d5
23.Ne3 Qd6 24.Bxa5 Qd7 25.Qd2 Bb7 26.Nc4 Qxf5 27.Nb6 Bg5 28.Qd1 Rad8 29.g4 Qf7
30.gxh5 d4 31.Ng1 e4 32.Rxd4 exf3 33.Rf2 Bh4 34.Be1 Qf6 35.Nd5 Qg5 36.Nh3 Bxf2
37.Nxg5 Bxd4 38.Qxd4 Rxd5 39.Qc4 Kh8 40.Qb4 Re8 41.h4 f2  0-1

[Event "Cappelle op"]
[Site "Cappelle la Grande"]
[Date "1995.??.??"]
[Round "7"]
[White "Kuzmin, Gennadi P"]
[Black "Vokac, Marek"]
[Result "1/2-1/2"]
[WhiteElo "2545"]
[BlackElo "2475"]

1.e4 c5 2.Nf3 Nc6 3.d4 cxd4 4.Nxd4 Qb6 5.Nb3 Nf6 6.Nc3 e6 7.Bd3 a6 8.Qe2 d6
9.O-O Be7 10.Kh1 O-O 11.f4 Qc7 12.Bd2 b5 13.a4 b4 14.Nd1 Bb7 15.Nf2 Rfe8
16.Rac1 e5 17.c3 bxc3 18.Bxc3 Qd7 19.f5 d5 20.exd5 Nd4 21.Bxd4 exd4 22.Ne4  1/2-1/2

[Event "Cappelle op"]
[Site "Cappelle la Grande"]
[Date "1995.??.??"]
[Round "7"]
[White "Gofshtein, Leonid D"]
[Black "Atalik, Suat"]
[Result "1/2-1/2"]
[WhiteElo "2465"]
[BlackElo "2500"]

1.e4 c5 2.Nf3 Nc6 3.d4 cxd4 4.Nxd4 Qb6 5.Nb3 Nf6 6.Nc3 e6 7.Bd3 d6 8.Qe2 Be7
9.f4 a6 10.Bd2 Qc7 11.O-O b5 12.Kh1 O-O 13.a4 b4 14.Nd1 a5 15.Nf2 Bb7 16.Rae1 e5
17.f5 d5 18.exd5 Nxd5 19.Ne4 Nf6 20.Nec5 Nd4 21.Qxe5 Qxe5 22.Rxe5 Bd6 23.Ree1 Nxb3
24.Nxb3 Bc6 25.Ra1 Rfd8 26.Bf4 Bd5 27.Bxd6 Rxd6 28.Rad1 Bxb3 29.cxb3 Rad8
30.Bc2 Rxd1 31.Rxd1 Rxd1+ 32.Bxd1 Kf8 33.Kg1 Ke7 34.Kf2 Kd6 35.Ke3 Ke5 36.Bf3 Ne8
37.Kd3 Nd6 38.f6 gxf6 39.g3 f5 40.Ke3  1/2-1/2

[Event "Cappelle op"]
[Site "Cappelle la Grande"]
[Date "1995.??.??"]
[Round "8"]
[White "Filipenko, Alexander V"]
[Black "Ivliev, Oleg"]
[Result "1-0"]
[WhiteElo "2425"]
[BlackElo "2280"]

1.e4 c5 2.Ne2 Nc6 3.d4 cxd4 4.Nxd4 Qb6 5.Nb5 a6 6.Be3 Qa5+ 7.N5c3 Nf6 8.Nd2 b5
9.a4 b4 10.Nc4 Qc7 11.Nd5 Qb7 12.Bb6 Nxd5 13.exd5 Ne5 14.a5 d6 15.Ra4 g6
16.Rxb4 Bg7 17.c3 Bg4 18.f3 Bf5 19.Bd4 Qxd5 20.Nb6 Qe6 21.Kf2 O-O 22.Nxa8 Rxa8
23.g4 Bxg4 24.Bxe5 dxe5 25.fxg4  1-0

[Event "Cappelle op"]
[Site "Cappelle la Grande"]
[Date "1995.??.??"]
[Round "9"]
[White "Nataf, Igor Alexandre"]
[Black "Lupu, Smaranda  B"]
[Result "1/2-1/2"]
[WhiteElo "2340"]
[BlackElo "2125"]

1.e4 c5 2.Nf3 Nc6 3.d4 cxd4 4.Nxd4 Qc7 5.Nc3 e6 6.g3 a6 7.Bg2 d6 8.O-O Bd7
9.Nxc6 bxc6 10.Na4 Rb8 11.c4 c5 12.b3 Bxa4 13.bxa4 Be7 14.Bd2 Bf6 15.Rb1 Rxb1
16.Qxb1 Ne7 17.a5 Nc6 18.e5 Nxe5 19.Qe4 O-O 20.f4 d5 21.cxd5 exd5 22.Qxd5 Rd8
23.Qb7 Qxb7 24.Bxb7 Nf3+ 25.Rxf3 Rxd2 26.Bxa6 Rxa2 27.Rb3 g6 28.Bc4 Rxa5
29.Rb7 Bd4+ 30.Kg2 Ra1 31.Rxf7 Rc1 32.Be6 Rc2+ 33.Kh3 Bg1 34.g4 Rxh2+ 35.Kg3 Re2
36.f5 gxf5 37.gxf5 Bd4 38.Bc4 Re8 39.Re7+ Kf8 40.Rxh7 Re7 41.Rh6 Re3+ 42.Kg2 Ke7
43.Rg6 Bf6 44.Rg4  1/2-1/2

[Event "Cappelle op"]
[Site "Cappelle la Grande"]
[Date "1995.??.??"]
[Round "9"]
[White "Kuzmin, Gennadi P"]
[Black "Grivas, Efstratios"]
[Result "0-1"]
[WhiteElo "2545"]
[BlackElo "2460"]

1.e4 c5 2.Nf3 Nc6 3.d4 cxd4 4.Nxd4 Qb6 5.Nb3 Nf6 6.Nc3 e6 7.Bd3 d6 8.O-O a6
9.Kh1 Be7 10.f4 Qc7 11.Qe1 b5 12.a4 b4 13.Nd1 O-O 14.a5 e5 15.Ne3 exf4 16.Nc4 Be6
17.Bxf4 Nd7 18.Qg3 Nce5 19.Nxe5 Nxe5 20.Bxe5 dxe5 21.Nd4 Bc8 22.b3 Bc5 23.Nf3 f6
24.Bc4+ Kh8 25.Rad1 g6 26.Nh4 Ra7 27.Rd3 Qxa5 28.Qe1 Rg7 29.Qd2 Qc7 30.Rd1 Be7
31.Qh6 f5 32.exf5 gxf5 33.Rd6 Bxh4 34.Qxh4 Bb7 35.R6d2 Qe7 36.Qxe7 Rxe7 37.Rd7 Rxd7
38.Rxd7 Be4 39.h4 Rf6 40.Rd8+ Kg7 41.Rg8+ Kh6 42.Bd3 Bxd3 43.cxd3 Rd6 44.Re8 Rxd3
45.Rxe5 Rxb3 46.Rxf5 Ra3 47.g4 Ra2 48.Rf6+ Kg7 49.Rb6 a5 50.g5 Rc2 51.h5 Rc5
52.h6+ Kf7 53.g6+ hxg6 54.Kg2 Rh5 55.Rb7+ Kf6 56.h7 b3 57.Ra7 b2 58.Rxa5 b1=Q
59.Rxh5 Qe4+ 60.Kf2 Qf4+  0-1

[Event "Castellar op"]
[Site "Castellar"]
[Date "1995.??.??"]
[Round "?"]
[White "Fluvia Poyatos, Joan"]
[Black "Pogorelov, Ruslan"]
[Result "0-1"]
[WhiteElo "2150"]
[BlackElo "2445"]

1.e4 c5 2.Nf3 Nc6 3.d4 cxd4 4.Nxd4 Qc7 5.Nc3 e6 6.f4 a6 7.Nxc6 Qxc6 8.Be2 b5
9.Bf3 Bb7 10.e5 Qc7 11.Ne4 Rc8 12.c3 Nh6 13.Be3 Nf5 14.Bf2 Be7 15.O-O O-O
16.Qd2 Bc6 17.Rad1 Rfd8 18.g4 Nh6 19.Qe3 Bxe4 20.Qxe4 d6 21.Bd4 d5 22.Qe3 Bc5
23.Bxc5 Qxc5 24.Qxc5 Rxc5 25.Rd4 f6 26.Re1 f5 27.g5 Nf7 28.Be2 Rb8 29.a3 Nd8
30.Ra1 Rc7 31.Kf2 Nc6 32.Rd2 Na5 33.Rg1 Nb3 34.Rdd1 a5 35.g6 h6 36.Rg3 Kf8
37.Ke1 Ke7 38.h4 Nc5 39.Rd4 Na4 40.Rd2 Rbb7 41.h5 b4 42.cxb4 axb4 43.Rb3 bxa3
44.Rxb7 Rxb7 45.bxa3 Rb1+ 46.Kf2 Nc3 47.Bf3 Kd7 48.Kg3 Rb3 49.Rd3 Rxa3 50.Kh4 Nb5
51.Rxa3 Nxa3 52.Kg3 Kc6 53.Kf2 Kc5 54.Ke3 Nc2+ 55.Kd2 Nb4 56.Kc3 d4+ 57.Kd2 Nd5
58.Bd1 Nxf4 59.Bf3 Kc4 60.Kc2 d3+ 61.Kd2 Kd4 62.Bd1 Nd5 63.Bb3  0-1

[Event "Castellar op"]
[Site "Castellar"]
[Date "1995.??.??"]
[Round "?"]
[White "Vilar Lopez, Monica"]
[Black "Pogorelov, Ruslan"]
[Result "0-1"]
[WhiteElo "2130"]
[BlackElo "2445"]

1.e4 c5 2.Nf3 Nc6 3.d4 cxd4 4.Nxd4 Qc7 5.Nc3 e6 6.Be3 Nf6 7.Be2 a6 8.O-O Bb4
9.Nxc6 bxc6 10.Bd3 d5 11.exd5 cxd5 12.Bd4 Bd6 13.Re1 Bb7 14.h3 Qe7 15.Qe2 O-O
16.Be5 Rfe8 17.Rad1 Bc5 18.Qd2 Nd7 19.Bg3 Qf6 20.Na4 Ba7 21.c4 dxc4 22.Bxc4 Bc6
23.Qa5 Qg6 24.Bd3 Qxg3  0-1

[Event "Ceske Budejovice op"]
[Site "Ceske Budejovice"]
[Date "1995.??.??"]
[Round "1"]
[White "Rogic, Davor"]
[Black "Reinhard, Markus"]
[Result "1-0"]
[WhiteElo "2435"]
[BlackElo "2180"]

1.e4 c5 2.Nf3 Nc6 3.d4 cxd4 4.Nxd4 Qb6 5.Nb3 Nf6 6.Nc3 e6 7.Bd3 a6 8.O-O Qc7
9.f4 d6 10.Qf3 Be7 11.Be3 Bd7 12.Rae1 Qc8 13.Qg3 g6 14.Kh1 O-O 15.f5 Qd8
16.Bh6 Re8 17.fxg6 fxg6 18.e5 Nh5 19.Qg4 Nxe5 20.Rxe5  1-0

[Event "Ceske Budejovice op"]
[Site "Ceske Budejovice"]
[Date "1995.??.??"]
[Round "3"]
[White "Prandstetter, Eduard"]
[Black "Vokac, Marek"]
[Result "1/2-1/2"]
[WhiteElo "2380"]
[BlackElo "2475"]

1.e4 c5 2.Nf3 Nc6 3.d4 cxd4 4.Nxd4 Qb6 5.Nb3 Nf6 6.Nc3 e6 7.Bd3 a6 8.O-O Be7
9.Be3 Qc7 10.f4 d6 11.Qf3 O-O 12.Rae1 Re8 13.Bf2 Nb4 14.e5 Nxd3 15.cxd3 Nd7
16.d4 Nb6 17.Rc1 Qd8 18.Ne4 d5 19.Ned2 Rf8 20.Nc5 Nd7 21.Nd3 Nb8 22.Rfe1 Nc6
23.Nb3 a5 24.a3 a4 25.Nbc5 Qa5 26.f5 exf5 27.Qxd5 Rd8 28.Qc4 b6 29.Nxa4 Nxd4
30.Bxd4 Be6 31.Bxb6 Qd2 32.Qc7 Bd5 33.Qc2 Qxc2 34.Rxc2 Rdb8 35.Bc5 Bh4 36.g3 Rxa4
37.gxh4 Rg4+ 38.Kf1 Bc4 39.Re3 Rb3 40.Rc3 Rxc3 41.bxc3 Re4 42.Kf2 Rxh4 43.h3 g5
44.Be7 h6 45.Rf3 Bd5 46.Rxf5 Rxh3 47.Ne1 Rxc3 48.Ke2 Rb3 49.Rf6 Kg7 50.Rd6 Bc4+
51.Kf2 Rxa3 52.Nf3 Ra2+ 53.Kg3 Be6 54.Nd4 Kg6 55.Bf6 h5 56.Nxe6 fxe6 57.Rxe6 h4+
58.Kh3 Kh5 59.Bxg5  1/2-1/2

[Event "Ceske Budejovice op"]
[Site "Ceske Budejovice"]
[Date "1995.??.??"]
[Round "3"]
[White "Belaska, Premysl"]
[Black "Haba, Petr"]
[Result "1/2-1/2"]
[WhiteElo "2230"]
[BlackElo "2410"]

1.e4 c5 2.Nf3 Nc6 3.d4 cxd4 4.Nxd4 Qc7 5.Nc3 e6 6.Be3 a6 7.Be2 Nf6 8.O-O Bb4
9.Na4 Be7 10.Nxc6 bxc6 11.Nb6 Rb8 12.Nxc8 Qxc8 13.e5 Nd5 14.Bc1 Bc5 15.c4 Ne7
16.b3 Qc7 17.Bb2 O-O 18.Bd3 Ng6 19.Qh5 a5 20.Kh1 a4 21.Bc2 Rfd8 22.f4 d6
23.Rf3 dxe5 24.Bxe5 Bd6 25.Raf1 axb3 26.axb3 f5 27.g4 Bxe5 28.fxe5 Nxe5 29.Rg3 g6
30.gxf5 exf5 31.Qxf5 Rf8 32.Qe6+ Kg7 33.Rxf8 Rxf8 34.Re3 Nf3 35.Qe7+ Qxe7
36.Rxe7+ Rf7 37.Rxf7+ Kxf7 38.b4 Ke6 39.Be4 Nd2 40.Bxc6 Nxc4 41.Kg2 Ne3+
42.Kg3 Nc2 43.b5 Nd4 44.Kg4 Kf6 45.Kf4 g5+ 46.Ke4 Nxb5 47.Bxb5  1/2-1/2

[Event "Copenhagen"]
[Site "Copenhagen"]
[Date "1995.??.??"]
[Round "5"]
[White "Molvig, Henrik"]
[Black "Petersen, Soren"]
[Result "1/2-1/2"]
[WhiteElo "2240"]
[BlackElo "2220"]

1.e4 c5 2.Nf3 Nc6 3.d4 cxd4 4.Nxd4 Qc7 5.Nc3 e6 6.Be2 a6 7.O-O Nf6 8.Be3 Bb4
9.Na4 O-O 10.Nxc6 bxc6 11.Nb6 Rb8 12.Nxc8 Rfxc8 13.Bxa6 Re8 14.Bd3 Bd6 15.h3  1/2-1/2

[Event "Copenhagen K41"]
[Site "Copenhagen"]
[Date "1995.??.??"]
[Round "5"]
[White "Wang Zili"]
[Black "Mortensen, Erling"]
[Result "1-0"]
[WhiteElo "2505"]
[BlackElo "2500"]

1.e4 c5 2.Nf3 Nc6 3.d4 cxd4 4.Nxd4 Qc7 5.Nc3 e6 6.Be2 a6 7.O-O b5 8.Nxc6 dxc6
9.a4 Bb7 10.axb5 cxb5 11.Nxb5 axb5 12.Bxb5+ Ke7 13.Rxa8 Bxa8 14.Qd3 Qd6 15.Qe3 Kd8
16.Qa7 Bc6 17.Qb6+ Qc7 18.Rd1+ Kc8 19.Ba6+  1-0

[Event "Copenhagen op2"]
[Site "Copenhagen"]
[Date "1995.??.??"]
[Round "6"]
[White "Aagaard, Jacob"]
[Black "Fries Nielsen, Niels Jorgen"]
[Result "1/2-1/2"]
[WhiteElo "2255"]
[BlackElo "2390"]

1.e4 c5 2.Nf3 Nc6 3.d4 cxd4 4.Nxd4 Qb6 5.Nb3 g6 6.Be3 Qc7 7.Nc3 Bg7 8.Qd2 Nf6
9.Be2 d6 10.Bh6 Bxh6 11.Qxh6 Be6 12.O-O a6 13.f4 O-O-O 14.Kh1 Kb8 15.Qh4 Nb4
16.f5 Bc8 17.e5  1/2-1/2

[Event "CZE-chT 9495"]
[Site "?"]
[Date "1995.??.??"]
[Round "1"]
[White "Stocek, Jiri"]
[Black "Hracek, Zbynek"]
[Result "1/2-1/2"]
[WhiteElo "2480"]
[BlackElo "2595"]

1.e4 c5 2.Nf3 Nc6 3.d4 cxd4 4.Nxd4 Qc7 5.Nc3 e6 6.g3 a6 7.Bg2 Nf6 8.O-O Nxd4
9.Qxd4 Bc5 10.Bf4 d6 11.Qd2 h6 12.Na4 e5 13.Nxc5 dxc5 14.Be3 Ng4 15.Rad1 Be6
16.Qc3 Nxe3 17.Qxe3 O-O 18.Rd2 Rad8 19.Rfd1 Rd4 20.a3 Rfd8 21.c3 R4d6 22.Bf3 c4
23.Rxd6 Rxd6 24.Rxd6 Qxd6 25.h4 Kh7 26.Qe2 g6 27.Qd1 Qb6 28.Qd2 Kg7 29.Kg2 Qc7
30.h5 g5 31.Qd1 Qc6 32.Kg1 Qb6 33.Qe2 Qb5 34.Qd2 g4 35.Be2 Qc6 36.Qe3 b5
37.Kh2 Qb7 38.Kg1 a5 39.Bd1 b4 40.axb4 axb4 41.cxb4 Qxb4 42.Qc3 Qd6 43.Be2 Qd4
44.Qc2 Kf6 45.Qc1 Kg7 46.Qc2 f6 47.Bf1 Kf7 48.Qc1 Qxe4 49.Bg2 Qh7 50.b3 cxb3  1/2-1/2

[Event "CZE-chT2"]
[Site "?"]
[Date "1995.??.??"]
[Round "?"]
[White "Rehak, Martin"]
[Black "Bretsnajdr, Vladimir"]
[Result "1/2-1/2"]
[WhiteElo "2170"]
[BlackElo "2310"]

1.e4 c5 2.Nf3 Nc6 3.d4 cxd4 4.Nxd4 Qb6 5.Nb3 Nf6 6.Nc3 e6 7.a3 a6 8.Be2 Be7
9.Bf4 O-O 10.Bd6 Bxd6 11.Qxd6 Rd8 12.Rd1 Ne8 13.Na4 Qa7 14.Qc5 Qxc5 15.Nbxc5 d6
16.Nb6 Rb8 17.Nca4 Nf6 18.f3 d5 19.Nc5 dxe4 20.Rxd8+ Nxd8  1/2-1/2

[Event "CZE-chT2"]
[Site "?"]
[Date "1995.??.??"]
[Round "?"]
[White "Havranek, Miroslav"]
[Black "Bretsnajdr, Vladimir"]
[Result "1-0"]
[WhiteElo "2280"]
[BlackElo "2310"]

1.e4 c5 2.Nf3 Nc6 3.d4 cxd4 4.Nxd4 Qb6 5.Nb3 Nf6 6.Nc3 e6 7.Bd3 a6 8.O-O Be7
9.a4 Qc7 10.f4 d6 11.Be3 b6 12.Qf3 Bb7 13.Qf2 Nd7 14.Na2 O-O 15.c3 Rab8 16.Qe2 Nc5
17.Nxc5 bxc5 18.b4 cxb4 19.cxb4 d5 20.exd5 exd5 21.Qc2 Qd6 22.Bxh7+ Kh8 23.Bd3 Nxb4
24.Nxb4 Qxb4 25.Rab1 Qd6 26.Rb6 Qd8 27.Rf3 Re8 28.Rh3+ Kg8 29.Bb5 Bh4 30.Bxe8 Qxe8
31.Bf2 Rc8 32.Rc3 Rxc3 33.Qxc3 Bxf2+ 34.Kxf2 d4 35.Qxd4 Be4 36.Qe5  1-0

[Event "RUS-ch"]
[Site "Elista"]
[Date "1995.??.??"]
[Round "9"]
[White "Aseev, Konstantin N"]
[Black "Lastin, Alexander"]
[Result "1-0"]
[WhiteElo "2530"]
[BlackElo "2465"]

1.e4 c5 2.Nf3 Nc6 3.d4 cxd4 4.Nxd4 Qb6 5.Nb3 Nf6 6.Nc3 e6 7.Bd3 a6 8.Be3 Qc7
9.f4 d6 10.g4 b5 11.g5 Nd7 12.a4 b4 13.Nb1 g6 14.N1d2 h6 15.gxh6 Bxh6 16.Qe2 Bb7
17.O-O-O Ne7 18.Kb1 d5 19.Rhf1 Bg7 20.e5 g5 21.Nf3 gxf4 22.Bxf4 Nc6 23.Rg1 Bf8
24.Rg4 Nb6 25.Rdg1 Nxa4 26.Rg8 Rxg8 27.Rxg8 O-O-O 28.Bxa6 Ne7 29.Rg4 Nc6
30.Bg5 Re8 31.Qb5 Nb6 32.Bxb7+ Kxb7 33.Na5+ Nxa5 34.Qxe8 b3 35.cxb3 Nd7 36.Qd8  1-0

[Event "FIN-chT"]
[Site "FIN"]
[Date "1995.??.??"]
[Round "?"]
[White "Lahtinen, Markku"]
[Black "Natri, Antero"]
[Result "1/2-1/2"]
[WhiteElo "2225"]
[BlackElo "2235"]

1.e4 c5 2.Nf3 Nc6 3.d4 cxd4 4.Nxd4 Qc7 5.Nc3 e6 6.Be3 a6 7.Bd3 Nf6 8.O-O Nxd4
9.Bxd4 Bc5 10.Bxc5 Qxc5 11.Qe2 d6 12.Rfe1 Bd7 13.Rad1 Bc6 14.Qe3 Qxe3  1/2-1/2

[Event "NRW-Liga I 9495"]
[Site "Germany"]
[Date "1995.??.??"]
[Round "?"]
[White "Klovans, Janis"]
[Black "Budde, Vladimir"]
[Result "1-0"]
[WhiteElo "2405"]
[BlackElo "2315"]

1.e4 c5 2.Nf3 Nc6 3.d4 cxd4 4.Nxd4 Qc7 5.Nc3 e6 6.Be3 a6 7.Bd3 b5 8.Nxc6 Qxc6
9.e5 Bb4 10.O-O Bxc3 11.bxc3 Bb7 12.Qg4 Ne7 13.Bd4 Nf5 14.Bxf5 exf5 15.Qxg7 O-O-O
16.f3 Rhg8 17.Qf6 Qxf6 18.exf6 Rde8 19.Kf2 Re6 20.Rfe1 Bd5 21.Rxe6 dxe6 22.a4 Bc6
23.a5 Bd5 24.Rg1 Kd7 25.Ke3 h5 26.Be5 h4 27.h3 Rc8 28.Kf4 Rc4+ 29.Kg5 Ra4
30.Rc1 Ke8 31.Bd6 Rc4 32.Bb4 Kd7 33.Rd1 Rc8 34.Kxh4 f4 35.Rd2 Rg8 36.Bc5 Kc6
37.Bd4 Kd6 38.Re2 Bc4 39.Be5+ Kd5 40.Re4 Bf1 41.Bxf4 Bxg2 42.Rd4+ Kc5 43.Rd7 Bxf3
44.Rxf7 Rh8+ 45.Kg3 Bh5 46.Ra7 Kd5 47.Rxa6 e5 48.Bd2 Ke4 49.Rb6 Rg8+ 50.Kf2 Bf3
51.f7 Rf8 52.Rf6 Bh5 53.a6 Rxf7 54.Rxf7 Bxf7 55.a7 Bd5 56.h4 Kf5 57.h5 Ba8
58.Be3 Kf6 59.Ke1  1-0

[Event "Oberliga Nord O9495"]
[Site "Germany"]
[Date "1995.??.??"]
[Round "?"]
[White "Lang, Jens"]
[Black "Waldmann, Hans Joachim"]
[Result "1/2-1/2"]
[WhiteElo "2325"]
[BlackElo "2400"]

1.e4 c5 2.Nf3 Nc6 3.d4 cxd4 4.Nxd4 Qc7 5.Nc3 e6 6.g3 a6 7.Bg2 Be7 8.O-O d6
9.Re1 Nf6 10.Nxc6 bxc6 11.e5 dxe5 12.Rxe5 O-O 13.Bf4 Qb7 14.Rb1 Rd8 15.Qf3 Bd7
16.Ree1 Rac8 17.Ne4 Nxe4 18.Qxe4 Be8 19.Be5 Qb4 20.Qxb4 Bxb4 21.c3 Bd6 22.Bd4 c5
23.Be3 a5 24.b3 Rb8 25.Red1 f6 26.Bf3 Kf7 27.c4 Ke7 28.Kf1 a4 29.bxa4 Bxa4
30.Rdc1 Be8 31.Bd1 Bg6 32.Rxb8 Rxb8 33.Bb3 Be4 34.Ke2 Kd7 35.Rd1 Kc7 36.Rd2 Ra8
37.Rd1 Kc6 38.f3 Bg6 39.Rc1 Be5 40.Rd1 h5 41.Kf2 Bf5 42.Ke2 g5 43.Kf2 g4
44.f4 Bc3 45.Rc1 Bb2 46.Rd1 Be4 47.Rd2 Bc3 48.Rd1 f5 49.Bd2 Bf6 50.Rc1 h4
51.Bc3 hxg3+ 52.hxg3 Bxc3 53.Rxc3 Rh8 54.a4 Kb6 55.Bd1 Rh2+ 56.Ke1 Rb2 57.Re3 Ka5
58.Bxg4 Kxa4 59.Be2 Rb8 60.g4 Rh8 61.g5 Kb4 62.Kd2 Rd8+ 63.Kc1 e5 64.fxe5 Re8
65.g6 Rxe5 66.g7 Re8 67.Kb2 Rg8 68.Rb3+ Ka5 69.Ra3+ Kb6 70.Rg3 f4 71.Rg4 f3  1/2-1/2

[Event "BL2-S9495"]
[Site "Germany"]
[Date "1995.??.??"]
[Round "?"]
[White "Howell, James C"]
[Black "Vokac, Marek"]
[Result "0-1"]
[WhiteElo "2505"]
[BlackElo "2450"]

1.e4 c5 2.Nf3 Nc6 3.d4 cxd4 4.Nxd4 Qb6 5.Nb3 Nf6 6.Nc3 e6 7.Qe2 d6 8.Bg5 a6
9.O-O-O Qc7 10.Bxf6 gxf6 11.Qh5 b5 12.f4 b4 13.Ne2 Bd7 14.Ned4 Nxd4 15.Rxd4 a5
16.Bb5 Bxb5 17.Qxb5+ Qd7 18.Qh5 Qc6 19.Rhd1 Be7 20.Kb1 e5 21.Rd5 a4 22.Nc1 Qc4
23.Qe2 Rc8 24.Ra5 Qc6 25.Ra6 Qd7 26.Rd5 O-O 27.Nd3 b3 28.c3 Kh8 29.fxe5 fxe5
30.Nxe5 Qe6 31.Nf3 f5 32.Rxa4 bxa2+ 33.Kxa2 Ra8 34.Rxa8 Rxa8+ 35.Kb1 fxe4
36.c4 Bf6 37.Nd4 Qe8 38.Nb5 Be5 39.Qxe4 Qf7 40.Rxe5 Qf1+ 41.Qe1 Qd3+  0-1

[Event "BL9495 (Women)"]
[Site "Germany"]
[Date "1995.??.??"]
[Round "203"]
[White "Stangl, Anita"]
[Black "Goehler, Antje"]
[Result "1-0"]
[WhiteElo "2095"]
[BlackElo "2170"]

1.e4 c5 2.Nf3 Nc6 3.d4 cxd4 4.Nxd4 Qb6 5.Nb3 Nf6 6.Nc3 e6 7.Be3 Qc7 8.f4 Bb4
9.Bd3 d5 10.e5 Ne4 11.Bxe4 dxe4 12.Nd2 Bxc3 13.bxc3 O-O 14.Nxe4 Rd8 15.Qh5 Na5
16.O-O Nc4 17.Rf3 Nxe3 18.Rxe3 Qb6 19.Re1 h6 20.Kh1 Bd7 21.Rg3 Kf8 22.Qg4 g6
23.Qh4 Bc6 24.Qxh6+ Ke7 25.Qg5+ Kd7 26.Nd6 Qf2 27.Rd1 Kc7 28.Rgd3 Rd7 29.R3d2 Qe3
30.Rd3 Qf2 31.R3d2 Qe3 32.Nc4 Qc5 33.Rxd7+ Bxd7 34.Nd6 Qxc3 35.Qe7 Qc6 36.Qxf7 b5
37.c4 bxc4 38.Nxc4 Rd8 39.Rc1 Kb7 40.Qxg6 Ka8 41.Qd3 Rf8 42.Nb6+ Qxb6 43.Qxd7  1-0

[Event "Wuerttemberg-ch"]
[Site "Germany"]
[Date "1995.??.??"]
[Round "2"]
[White "Vuckovic, Aleksandar"]
[Black "Zeller, Frank"]
[Result "1-0"]
[WhiteElo "2265"]
[BlackElo "2350"]

1.e4 c5 2.Nf3 Nc6 3.d4 cxd4 4.Nxd4 Qc7 5.Nc3 e6 6.g3 a6 7.Bg2 d6 8.O-O Be7
9.Be3 Nf6 10.h3 O-O 11.g4 Ne5 12.g5 Nfd7 13.Nde2 Nc4 14.Bc1 b5 15.Ng3 Bb7
16.f4 b4 17.Nce2 Rfe8 18.f5 Qc5+ 19.Kh2 Ne3 20.Bxe3 Qxe3 21.fxe6 fxe6 22.Nf4 Bxg5
23.Qxd6 Nc5 24.Nfh5 Rad8 25.Qe5 Bh6 26.Rad1 Rxd1 27.Rxd1 Qg5 28.Qd4 Rf8 29.a3 a5
30.axb4 axb4 31.e5 Bxg2 32.Kxg2 Qe3 33.Qxe3 Bxe3 34.Nf1 Bh6 35.Rd4 Rb8 36.b3 Bc1
37.Rg4 g6 38.Nf6+ Kh8 39.Rc4 Rb5 40.Nh2 Bb2 41.Nf3 Bc3 42.Nd4 Ra5 43.h4 h6
44.h5 gxh5 45.Nxh5 Kh7 46.Nc6 Rb5 47.Rg4 Ne4 48.Rg7+ Kh8 49.Ne7  1-0

[Event "Graz op"]
[Site "Graz"]
[Date "1995.??.??"]
[Round "9"]
[White "Freitag, Manfred"]
[Black "Rabiega, Robert"]
[Result "0-1"]
[WhiteElo "2295"]
[BlackElo "2470"]

1.e4 c5 2.Nf3 Nc6 3.d4 cxd4 4.Nxd4 Qb6 5.Nb5 a6 6.Be3 Qa5+ 7.N5c3 e6 8.Be2 b5
9.Nd2 Nf6 10.O-O Qc7 11.f4 d6 12.Qe1 Be7 13.Qg3 O-O 14.Rae1 Bb7 15.Kh1 Kh8
16.Bd3 Nd7 17.Qh3 Nc5 18.Bxc5 dxc5 19.Nd5 exd5 20.exd5 g6 21.dxc6 Bxc6 22.f5 Bf6
23.fxg6 fxg6 24.Bxg6 Bxb2 25.Ne4 Qg7 26.Bf5 Rae8 27.Ng3 Be5 28.Re3 Bd4 29.Rxe8 Rxe8
30.Bd3 c4 31.Nf5 Qd7 32.Qh4 Bg7 33.Nd6 cxd3 34.Nxe8 Qxe8 35.cxd3 h6 36.Qf2 Qg6
37.Rd1 Bd5 38.d4 Kh7 39.Kg1 b4 40.Rd2 a5 41.h3 a4  0-1

[Event "Groningen op"]
[Site "Groningen"]
[Date "1995.??.??"]
[Round "?"]
[White "Skripchenko, Almira"]
[Black "Soffer, Ram"]
[Result "0-1"]
[WhiteElo "2400"]
[BlackElo "2530"]

1.e4 c5 2.Nf3 Nc6 3.d4 cxd4 4.Nxd4 Qc7 5.Nc3 e6 6.g3 a6 7.Bg2 Nf6 8.O-O Bc5
9.Nxc6 dxc6 10.Bg5 e5 11.Bxf6 gxf6 12.Na4 Ba7 13.c4 b5 14.cxb5 axb5 15.Nc3 b4
16.Na4 Ba6 17.Re1 Bb5 18.b3 Rd8 19.Qc1 Bd4 20.Nb2 Qb6 21.Qc2 Bxf2+ 22.Qxf2 Qxf2+
23.Kxf2 Rd2+ 24.Kg1 Rxb2 25.Bf1 O-O 26.Bxb5 cxb5 27.Rf1 Rc8 28.Rxf6 Rcc2
29.Rb6 Rg2+ 30.Kh1 Rxh2+ 31.Kg1 Rbg2+ 32.Kf1 Rxg3 33.Rxb5 Rg4  0-1

[Event "Groningen op"]
[Site "Groningen"]
[Date "1995.??.??"]
[Round "?"]
[White "Hendriks, Willy"]
[Black "Soffer, Ram"]
[Result "1/2-1/2"]
[WhiteElo "2395"]
[BlackElo "2530"]

1.e4 c5 2.Nf3 Nc6 3.d4 cxd4 4.Nxd4 Qc7 5.Nc3 e6 6.Be3 a6 7.Bd3 b5 8.O-O Bb7
9.Qe2 Nf6 10.Kh1 Bb4 11.a4 Bxc3 12.bxc3 Nxd4 13.cxd4 Nxe4 14.axb5 axb5 15.Rxa8+ Bxa8
16.Qh5 Nf6 17.Qxb5 O-O 18.Qg5 Be4 19.Bf4 d6 20.Qg3 Nh5 21.Qh4 Bxd3 22.cxd3 Nxf4
23.Qxf4 Rc8 24.h3 h6 25.Re1 d5 26.Qg4 Qc2 27.Qg3 Qc3 28.Qe3 Qb2 29.Re2 Rc1+
30.Kh2 Qb1 31.Qf3 Rc3 32.Re3 Qb8+ 33.Qg3 Rb3 34.Qe5 Rb4 35.Rg3 Qxe5 36.dxe5 Rf4
37.Kg1 d4 38.Rg4 Rxg4 39.hxg4 f6 40.exf6 gxf6 41.f4 Kf7 42.Kf2 f5  1/2-1/2

[Event "Wch U16 Girls"]
[Site "Guarapuava"]
[Date "1995.??.??"]
[Round "1"]
[White "Murray Ortiz, Gisela"]
[Black "Blimke, Dalia"]
[Result "0-1"]
[WhiteElo "2005"]
[BlackElo "2090"]

1.e4 c5 2.Nf3 Nc6 3.d4 cxd4 4.Nxd4 Qc7 5.Nc3 a6 6.Be3 e6 7.Be2 Nf6 8.Qd2 Bb4
9.f3 d5 10.Nxc6 bxc6 11.exd5 cxd5 12.O-O O-O 13.Kh1 Bb7 14.Rab1 Rac8 15.a3 Bd6
16.Bg1 Rfd8 17.Rfd1 e5 18.Re1 d4 19.Nd1 Qxc2 20.Qxc2 Rxc2 21.Nf2 Rdc8 22.Bd3 R2c7
23.Ne4 Nxe4 24.Bxe4 Bxe4 25.fxe4 Rc2 26.h3 g6 27.Bh2 Kf8 28.Bg3 Ke7 29.Bh4+ Ke6
30.g4 h6 31.Kg1 Rd2 32.Bg3 Rcc2 33.Kf1 Rg2  0-1